000 00557cam a2200193 4500500
005 20260329005137.0
041 _afre
042 _adc
100 1 0 _aLarmagnac-Matheron, Octave
_eauthor
245 0 0 _aBiocratie
260 _c2022.
500 _a15
690 _aDémocratie
690 _aNature
690 _aSélection naturelle
690 _aVivant
786 0 _nPhilosophie magazine | 162 | 9 | 2022-09-01 | p. 6-6 | 1951-1787
856 4 1 _uhttps://shs.cairn.info/magazine-philosophie-magazine-2022-9-page-6?lang=fr&redirect-ssocas=7080
999 _c1840711
_d1840711